The University of Chicago law review

Bibliographic Details
Corporate Author: University of Chicago. Law School
Format: Electronic Journal
Language:English
Published: Chicago, Ill. : University of Chicago Press, 1933-
Subjects:
Online Access:Full text available from Research Library: 01/01/1993 to 06/30/1993
Full text available from Research Library: 07/02/1997 to present

MARC

LEADER 00000nas a2200000 a 4500
001 ssj0001695
003 WaSeSS
005 20200512172242.0
006 m d
007 cr n
008 010525c19339999ilubx pss gov 0 a0eng c
010 |a  2006236658 
016 7 |a 2067131-3  |2 DE-600 
022 |a 1939-859X  |l 0041-9494  |y 0041-9494 
035 |a (WaSeSS)ssj0001695 
037 |b University of Chicago law review, University of Chicago Law School, 1111 E. 60th St., Chicago, IL 60637 
040 |a FPS  |b eng  |c FPS  |d OCL  |d OCLCQ  |d EYM  |d OCLCQ  |d EYM  |d HUL  |d NSD  |d OCLCQ  |d OCLCF  |d VT2  |d CGU  |d OCLCQ  |d OCL  |d DEBBG  |d OCLCA  |d AU@  |d SFB  |d UCILW  |d OCLCQ  |d WaSeSS 
042 |a pcc  |a nsdp 
043 |a n-us-il 
050 1 4 |a K25 
082 1 0 |a 347  |2 14 
210 0 |a Univ. Chic. law rev.  |b (Online) 
222 4 |a The University of Chicago law review  |b (Online) 
245 0 4 |a The University of Chicago law review  |h [electronic resource]. 
246 1 |i Some providers have title:  |a U. Chi. l. rev. 
260 |a Chicago, Ill. :  |b University of Chicago Press,  |c 1933- 
310 |a Eight issues per year,  |b Jan. 2018- 
321 |a Four no. a year,  |b 1933-2017 
362 0 |a Vol. 1, no. 1 (May 1933)- 
500 |a Title from title screen (JSTOR, viewed Feb. 8, 2006). 
500 |a Published by the University of Chicago Law School, autumn 1965- 
506 |a License restrictions may limit access. 
588 |a Latest issue consulted: Volume 86, number 8 (December 2019) (HeinOnline, viewed January 3, 2020). 
650 0 |a Law reviews  |z Illinois. 
650 7 |a Law reviews.  |2 fast  |0 (OCoLC)fst00994120 
651 7 |a Illinois.  |2 fast  |0 (OCoLC)fst01205143 
655 0 |a Electronic journals. 
710 2 |a University of Chicago.  |b Law School. 
776 0 8 |i Print version:  |a University of Chicago. Law School.  |t University of Chicago law review  |x 0041-9494  |w (DLC) 36031425  |w (OCoLC)2123921 
856 4 0 |z Full text available from Research Library: 01/01/1993 to 06/30/1993  |u https://search.proquest.com/publication/34656 
856 4 0 |z Full text available from Research Library: 07/02/1997 to present  |u https://search.proquest.com/publication/34656